Giáo trình xử lý ảnh photoshop CS5 dành cho người tự học

Guardat en:
Dades bibliogràfiques
Autor principal: Đỗ, Lê Thuận
Format: Llibre
Idioma:Undetermined
Publicat: TP.Hồ Chí Minh Hồng Đức 2012
Matèries:
Etiquetes: Afegir etiqueta
Sense etiquetes, Sigues el primer a etiquetar aquest registre!
Thư viện lưu trữ: Trung tâm Học liệu Trường Đại học Cần Thơ
LEADER 00702nam a2200205Ia 4500
001 CTU_180245
008 210402s9999 xx 000 0 und d
020 |c 64000 
082 |a 006.68 
082 |b Th502/T.3 
100 |a Đỗ, Lê Thuận 
245 0 |a Giáo trình xử lý ảnh photoshop CS5 dành cho người tự học 
245 0 |c Đỗ Lê Thuận, Võ Duy Thanh Tâm, Phạm Quang Huy 
260 |a TP.Hồ Chí Minh 
260 |b Hồng Đức 
260 |c 2012 
650 |a Xử lý ảnh & Photoshop,Image Processing & Photoshop 
650 |x Giáo trình,Textbook 
904 |i Sony 
980 |a Trung tâm Học liệu Trường Đại học Cần Thơ